000 00852cab a2200253 4500
001 WB3032-23
008 090401t1994 xxu||||| |||| 00| 0 eng d
035 _a(Sirsi) u36701
041 _aeng
245 _aCanary Wharf listing
260 _c1994
350 _a0
490 _aObserver
_v21 August 1994, B2(1)
520 _aIt is planned that Canary Wharf Limited, the property development company which collapsed into administrative receivership just over two years ago will achieve stock market listing by 1999.
650 _aADMINISTRATIVE RECEIVERSHIP
650 _aCANARY WHARF LIMITED
650 _aCANARY WHARF
650 _aFLOTATION
650 _aPROPERTY COMPANIES
650 _aSTOCK MARKET LISTING
690 _aPROPERTY-COMMERCIAL PROPERTY-COMMERCIAL PROPERTY FINANCE AND INVESTMENT
942 _n0
948 _c04/03/1997
999 _c23762
_d23762